书目信息 |
| 题名: |
武汉印象
|
|
| 作者: | 贾连成 , 贾连成 主编 | |
| 分册: | 2016 摄影 | |
| 出版信息: | 武汉 武汉出版社 2016 |
|
| 页数: | 131页 | |
| 开本: | 21cm | |
| 丛书名: | ||
| 单 册: | ||
| 中图分类: | I219 , J421 | |
| 科图分类: | ||
| 主题词: | 文艺--作品集--中国--当代 , 摄影集--中国--现代 | |
| 电子资源: | ||
| ISBN: | 978-7-5582-1035-8 | |
| 000 | 00755nam0 2200277 450 | |
| 001 | 2339829217 | |
| 005 | 20231212090744.98 | |
| 010 | @a978-7-5582-1035-8@dCNY 15.00 | |
| 090 | @aI219@bjlc | |
| 096 | @aI219@bwhy | |
| 100 | @a20170410d2016 em y0chiy0120 ea | |
| 101 | 0 | @achi |
| 102 | @aCN@b420000 | |
| 105 | @aa z 000yy | |
| 200 | 1 | @a武汉印象@Awu han yin xiang@f贾连成@h2016@i摄影 |
| 210 | @a武汉@c武汉出版社@d2016 | |
| 215 | @a131页@d21cm | |
| 314 | @a主编:贾连成 | |
| 606 | 0 | @a文艺@x作品集@y中国@z当代 |
| 606 | 0 | @a摄影集@y中国@z现代 |
| 690 | @aI219@v5 | |
| 690 | @aJ421@v5 | |
| 701 | 0 | @a贾连成@Ajia lian cheng@f(1953 )@4主编 |
| 701 | 0 | @a贾连成@Agu lian cheng |
| 801 | 2 | @aCN@b辽宁北配@c20231205 |
| 905 | @aZUCC@dI219@e4:2016 | |
| 武汉印象/贾连成.2016.摄影.-武汉:武汉出版社,2016 |
| 131页;21cm |
| ISBN 978-7-5582-1035-8:CNY 15.00 |
| ● |
| 相关链接 |
|
|
|
正题名:武汉印象
索取号:I219/4:2016
 
预约/预借
| 序号 | 登录号 | 条形码 | 馆藏地/架位号 | 状态 | 备注 |
| 1 | 2001535783 | 2001535783 | 319书库/ [索取号:I219/4:2016] | 在馆 | |
| 2 | 2001535784 | 2001535784 | 319书库/ [索取号:I219/4:2016] | 在馆 | |
| 3 | 2001535785 | 2001535785 | 319书库/ [索取号:I219/4:2016] | 在馆 | |
| 4 | 2001535786 | 2001535786 | 319书库/ [索取号:I219/4:2016] | 在馆 | |
| 5 | 2001535787 | 2001535787 | 319书库/ [索取号:I219/4:2016] | 在馆 | |
| 6 | 2001535788 | 2001535788 | 319书库/ [索取号:I219/4:2016] | 在馆 | |
| 7 | 2001535789 | 2001535789 | 319书库/ [索取号:I219/4:2016] | 在馆 | |
| 8 | 2001535790 | 2001535790 | 319书库/ [索取号:I219/4:2016] | 在馆 | |
| 9 | 2001535791 | 2001535791 | 319书库/ [索取号:I219/4:2016] | 在馆 | |
| 10 | 2001535792 | 2001535792 | 319书库/ [索取号:I219/4:2016] | 在馆 | |
| 11 | 2001535793 | 2001535793 | 319书库/ [索取号:I219/4:2016] | 在馆 | |
| 12 | 2001535794 | 2001535794 | 319书库/ [索取号:I219/4:2016] | 在馆 | |
| 13 | 2001535795 | 2001535795 | 319书库/ [索取号:I219/4:2016] | 在馆 | |
| 14 | 2001535796 | 2001535796 | 319书库/ [索取号:I219/4:2016] | 在馆 | |
| 15 | 2001535797 | 2001535797 | 319书库/ [索取号:I219/4:2016] | 在馆 | |
| 16 | 2001535798 | 2001535798 | 319书库/ [索取号:I219/4:2016] | 在馆 | |
| 17 | 2001535799 | 2001535799 | 319书库/ [索取号:I219/4:2016] | 在馆 | |
| 18 | 2001535800 | 2001535800 | 319书库/ [索取号:I219/4:2016] | 在馆 | |
| 19 | 2001535801 | 2001535801 | 315书库/ [索取号:I219/4:2016] | 在馆 | |
| 20 | 2001535802 | 2001535802 | 315书库/ [索取号:I219/4:2016] | 在馆 | |
| 21 | 2001535803 | 2001535803 | 315书库/ [索取号:I219/4:2016] | 在馆 | |
| 22 | 2001535804 | 2001535804 | 315书库/ [索取号:I219/4:2016] | 在馆 | |
| 23 | 2001535805 | 2001535805 | 315书库/ [索取号:I219/4:2016] | 在馆 | |
| 24 | 2001535806 | 2001535806 | 315书库/ [索取号:I219/4:2016] | 在馆 | |
| 25 | 2001535807 | 2001535807 | 319书库/ [索取号:I219/4:2016] | 在馆 | |
| 26 | 2001535808 | 2001535808 | 319书库/ [索取号:I219/4:2016] | 在馆 |